Apuntes para el estudio del Estado oligárquico en Guatemala y su papel en el desarrollo capitalista

Gespeichert in:
Bibliographische Detailangaben
Format: Text
Veröffentlicht: Tegucigalpa :
Tags: Tag hinzufügen
Keine Tags, Fügen Sie den ersten Tag hinzu!

MARC

LEADER 00000 a a2200000 04500
001 15653
003
040
090 |a 029800  
245 |a Apuntes para el estudio del Estado oligárquico en Guatemala y su papel en el desarrollo capitalista  
260 |a Tegucigalpa :  
300 |a 6 p.  
999 |c 12149  |d 12149